00341 a2200121 450000100060000010000190000624500310002526000200005609000170007694200230009399900190011695200840013536698 aCaffary Brain aSpectrum guide to Pakistan aKenyabCamerac c23744d23744 aNUST-CAEcMc15274 c271771d271771 001040708NFICaCAEbCAEd2017-04-03l0pCAE62577r2017-04-05w2017-04-05yBK